Eigennamen in einer Datenbank. Methodische Überlegungen am Beispiel des althebräischen Korpus
| Main Author: | |
|---|---|
| Format: | Print Article |
| Language: | German |
| Check availability: | HBZ Gateway |
| Interlibrary Loan: | Interlibrary Loan for the Fachinformationsdienste (Specialized Information Services in Germany) |
| Published: |
2002
|
| In: |
Altorientalische und semitische Onomastik
Year: 2002, Pages: 185-193 |
| Further subjects: | B
Hebrew language
B Computer program B Data-processing B Name |
| Parallel Edition: | Non-electronic
|
MARC
| LEADER | 00000caa a22000002c 4500 | ||
|---|---|---|---|
| 001 | 1589334922 | ||
| 003 | DE-627 | ||
| 005 | 20210626052651.0 | ||
| 007 | tu | ||
| 008 | 190311s2002 xx ||||| 00| ||ger c | ||
| 020 | |a 3934628257 | ||
| 035 | |a (DE-627)1589334922 | ||
| 035 | |a (DE-576)519334922 | ||
| 035 | |a (DE-599)BSZ519334922 | ||
| 040 | |a DE-627 |b ger |c DE-627 |e rakwb | ||
| 041 | |a ger | ||
| 084 | |a 1 |2 ssgn | ||
| 100 | 1 | |0 (DE-588)1031885099 |0 (DE-627)73749686X |0 (DE-576)173452817 |4 aut |a Rechenmacher, Hans |d 1962- | |
| 109 | |a Rechenmacher, Hans 1962- | ||
| 245 | 1 | 0 | |a Eigennamen in einer Datenbank. Methodische Überlegungen am Beispiel des althebräischen Korpus |
| 264 | 1 | |c 2002 | |
| 336 | |a Text |b txt |2 rdacontent | ||
| 337 | |a ohne Hilfsmittel zu benutzen |b n |2 rdamedia | ||
| 338 | |a Band |b nc |2 rdacarrier | ||
| 601 | |a Datenbank | ||
| 601 | |a Beispiel | ||
| 650 | 0 | 7 | |0 (DE-588)4045285-2 |0 (DE-627)106202332 |0 (DE-576)209064544 |a Personenname |2 gnd |
| 650 | 0 | 7 | |0 (DE-588)4023922-6 |0 (DE-627)106301276 |0 (DE-576)208952055 |a Hebräisch |2 gnd |
| 650 | 0 | 7 | |0 (DE-588)4047394-6 |0 (DE-627)106194704 |0 (DE-576)209073454 |a Programm |2 gnd |
| 650 | 0 | 7 | |0 (DE-588)4011152-0 |0 (DE-627)106354140 |0 (DE-576)208892052 |a Datenverarbeitung |2 gnd |
| 773 | 0 | 8 | |i In |t Altorientalische und semitische Onomastik |d Münster : Ugarit-Verl., 2002 |g (2002), Seite 185-193 |h 241 S |w (DE-627)353403857 |w (DE-576)100909965 |z 3934628257 |7 nnam |
| 773 | 1 | 8 | |g year:2002 |g pages:185-193 |
| 776 | |i Erscheint auch als |n Druckausgabe |w (DE-627)1585750239 |k Non-Electronic | ||
| 935 | |a BIIN | ||
| 951 | |a AR | ||
| BIB | |a 1 | ||
| ELC | |b 1 | ||
| ITA | |a 1 |t 1 | ||
| LOK | |0 000 xxxxxcx a22 zn 4500 | ||
| LOK | |0 001 305920392X | ||
| LOK | |0 003 DE-627 | ||
| LOK | |0 004 1589334922 | ||
| LOK | |0 005 20190311203653 | ||
| LOK | |0 008 190311||||||||||||||||ger||||||| | ||
| LOK | |0 035 |a (DE-Tue135-1)140203 | ||
| LOK | |0 040 |a DE-Tue135-1 |c DE-627 |d DE-Tue135-1 | ||
| LOK | |0 852 |a DE-Tue135-1 | ||
| LOK | |0 852 1 |c FTHAT097540/296/RRH |m p |9 00 | ||
| LOK | |0 852 2 |b Z 4/19 |9 00 | ||
| LOK | |0 935 |a iSWA | ||
| LOK | |0 938 |k p | ||
| LOK | |0 939 |a 11-03-19 |b l12 | ||
| ORI | |a SA-MARC-ixtheoa001.raw | ||
| STA | 0 | 0 | |a Computer program,Data-processing,Electronic data-processing,Automated data-processing,Electronic data processing,Hebrew language,Old Hebrew language,Old Testament Hebrew language,Name |
| STB | 0 | 0 | |a Hébreu,Nom de personne,Anthroponyme,Anthroponyme,Programme,Traitement de données,Informatique,Informatique |
| STC | 0 | 0 | |a Hebreo,Nombre de la persona,Procesamiento de datos,Programa |
| STD | 0 | 0 | |a Ebraico,Elaborazione dati,Nome di persona,Programma |
| STE | 0 | 0 | |a 人名,希伯来语,希伯来文,数据处理,数据处理 |
| STF | 0 | 0 | |a 人名,希伯來語,希伯來文,數據處理,資料處理,计算机程序 |
| STG | 0 | 0 | |a Hebraico,Nome da pessoa,Processamento de dados,Programa |
| STH | 0 | 0 | |a Иврит,Имя человека,Обработка данных,Программа |
| STI | 0 | 0 | |a Όνομα προσώπου,Εβραϊκή γλώσσα,Επεξεργασία δεδομένων,Πρόγραμμα |
| SUB | |a BIB | ||
| SYE | 0 | 0 | |a Anthroponym,Persönlicher Name , Althebräisch,Biblisches Hebräisch,Bibelhebräisch,Alttestamentliches Hebräisch,Klassisches Hebräisch,Biblisch-hebräisch , Datenverarbeitung,Datenverarbeitungsprogramm,Rechenprogramm,Computerprogramm,Programme , ADV,Automatische Datenverarbeitung,Automatisierte Datenverarbeitung,EDV,Elektronische Datenverarbeitung |